LEADER 01162nam0 22002651i 450 001 UON00201400 005 20231205103255.346 010 $a88-204-9146-X 100 $a20030730d1995 |0itac50 ba 101 $aita 102 $aIT 105 $a|||| ||||| 200 1 $a Sciopero e diritti degli utenti$el'esperienza della Commissione di garanzia per l'attuazione della legge 146/90 /Monica Mc Britton 210 $aMilano$cFranco Angeli$d1995. 104 p. ; 20 cm. 410 1$1001UON00173558$12001 $aQuaderni della Fondazione Malagugini$1210 $aMilano$cFranco Angeli$v706 606 $aDiritto del lavoro$xStudi$3UONC037782$2FI 620 $aIT$dMilano$3UONL000005 700 1$aMC_BRITTON$bMonica$3UONV120272$0622196 712 $aAngeli$3UONV277541$4650 801 $aIT$bSOL$c20260116$gRICA 899 $aSIBA - SISTEMA BIBLIOTECARIO DI ATENEO E ARCHIVIO STORICO$2UONSI 912 $aUON00201400 950 $aSIBA - SISTEMA BIBLIOTECARIO DI ATENEO E ARCHIVIO STORICO$dSI PUB E 0115 $eSI SC 30662 5 0115 $sBuono 996 $aSciopero e diritti degli utenti$91104860 997 $aUNIOR